| 000 | 00466nam a2200193Ia 4500 | ||
|---|---|---|---|
| 003 | LK-CoDNM | ||
| 005 | 20241129121208.0 | ||
| 008 | 010623t xxu||||| |||| 00| 1 sin d | ||
| 040 |
_aLK-CoDNM _dLK-CoDNM _eLK-CoDNM |
||
| 041 | _asin | ||
| 080 |
_a294.321 _bKAW |
||
| 100 | _aKawiratna,Harischandra. | ||
| 245 | _aනිහඬේ හඬ | ||
| 246 | _aNihade Hada | ||
| 260 |
_bSwabhasha _aColombo |
||
| 300 | _b88p. ; 18 cm | ||
| 650 | _aBuddhism | ||
| 942 | _cBK | ||
| 999 |
_c139044 _d139044 |
||